Horror Movie Villains - Statistics

General Stats
  • This quiz has been taken 90 times
  • The average score is 19 of 74
Answer Stats
Hint Release Date Answer % Correct
Friday the 13th Part 2 1981 Jason Voorhees
95%
Child's Play 1988 Chucky
88%
Nightmare on Elm Street 1984 Freddy Krueger
87%
Halloween 1978 Michael Myers
78%
It 2017 Pennywise
66%
Texas Chainsaw Massacre 1974 Sawyer Family
66%
Carrie 1976 Carrie White
63%
Black Christmas 1974 Billy
58%
Candyman 1992 Daniel Robitaille
58%
Predator 1987 Yautja
58%
Psycho 1960 Norman Bates
55%
Scream 1996 Stu & Billy
54%
Terrifier 2016 Art the Clown
51%
Alien 1979 Xenomorph XX121
47%
Cujo 1983 Cujo
46%
Friday the 13th 1980 Pamela Voorhees
46%
Final Destination 2000 Death
45%
Hellraiser 1987 Frank Cotton
45%
Shining 1980 Jack Torrance
45%
American Psycho 2000 Patrick Bateman
43%
Ring 2002 Samara Morgan
43%
Jeepers Creepers 2001 The Creeper
37%
Misery 1990 Annie Wilkes
34%
Silence of the Lambs 1991 Jame Gumb
34%
Leprechaun 1993 Leprechaun
33%
Christine 1983 Christine
32%
X 2022 Pearl
32%
Saw 2004 John Kramer
30%
Dr. Jekyll and Mr. Hyde 1931 Mr. Hyde
30%
Jaws 1975 Bruce the Shark
28%
Dracula 1931 Count Dracula
28%
Frankenstein 1910 Frankenstein's Monster
28%
Nosferatu 1922 Count Orlok
26%
The Creature From the Black Lagoon 1954 Gill-man
26%
The Exorcist 1973 Pazuzu
25%
The collector 2009 The Collector
20%
Pumpkinhead 1988 Pumpkinhead
18%
The Omen 1976 Damien Thorn
16%
Ringu 1998 Sadako Yamamura
16%
A Quiet Place 2018 Death Angels
13%
The Mummy 1932 Imhotep
13%
Gremlins 1984 Stripe
13%
Sleepaway Camp 1983 Angela Baker
12%
House of 1000 Corpses 2003 Firefly Family
12%
Behind the Mask 2006 Leslie Vernon
12%
Orphan 2009 Esther
11%
I Know What You Did Last Summer 1997 Ben Willis
9%
Wishmaster 1997 Djinn
9%
Manhunter 1986 Francis Dolarhyde
9%
Phantasm 1979 The Tall Man
9%
Children of the Corn 1984 Isaac Chroner
8%
Creep 2014 Josef
8%
It Follows 2014 The Entity
8%
My Bloody Valentine 1981 Harry Warden
7%
The Wolf Man 1941 Lawrence Talbot
7%
The Fly 1986 Seth Brundle
7%
Silent Night, Deadly Night 1984 Billy Chapman
5%
Sinister 2012 Bughuul
5%
Invisible Man 1933 Dr. Jack Griffin
5%
Malignant 2021 Gabriel
5%
Mandy 2018 Jeremiah Sand
4%
Valentine 2001 Jeremy Melton
4%
Dead Silence 2007 Mary Shaw
4%
Get Out 2017 The Armitage Family
4%
Basket Case 1982 Belial Bradley
3%
Maniac 2012 Frank Zito
3%
Hatchet 2006 Victor Crowley
3%
The Stepfather 1987 Jerry Blake
1%
Better Watch Out 2016 Luke Lerner
1%
Prom Night 1980 Alex Hammond
0%
Pan's Labyrinth 2006 Captain Vidal
0%
Re-Animator 1985 Dr. Carl Hill
0%
Suspiria 1977 Helena Markos
0%
Fright Night 1985 Jerry Dandrige
0%
No matching quizzes found
Score Distribution
Percent of People with Each Score
Percentile by Number Answered
Your Score History
You have not taken this quiz